000 00249pam a2200133 a 4500
020 _c
041 _h
100 _aL. David Mech.
245 _aThe Ecolgy and Behaviour
260 _c1967
300 _a384
653 _aEcology
930 _a1269
999 _c247122
_d247122